Normal view
MARC view
Entry Personal Name
001 - CONTROL NUMBER
- control field: 10106
003 - CONTROL NUMBER IDENTIFIER
- control field: PK-LaUMT
005 - DATE AND TIME OF LATEST TRANSACTION
- control field: 20260326102218.0
008 - FIXED-LENGTH DATA ELEMENTS
- fixed length control field: 260326|| aca||aabn | a|a d
040 ## - CATALOGING SOURCE
- Original cataloging agency: PK-LaUMT
- Transcribing agency: PK-LaUMT
100 ## - HEADING--PERSONAL NAME
- Personal name: Watson, Saleem
670 ## - SOURCE DATA FOUND
- Source citation: Work cat.: (PK-LaUMT)140221: Stewart, James 10104, Precalculus :, 2024
